[Event "April 9 Early 2024"]
[Site "Chess.com"]
[Date "2024.04.09"]
[Round "8"]
[White "Szente Varga, Fruzsina"]
[Black "Daaevik Wadhawan"]
[Result "0-1"]
[Board "122"]
[WhiteFideId "712264"]
[BlackFideId "45015724"]
[WhiteTitle "WFM"]
[BlackTitle "FM"]
[WhiteElo "2284"]
[BlackElo "2584"]
[WhiteTeam "HUN"]
[BlackTeam "IND"]
[WhiteClock "0:00:00"]
[BlackClock "0:00:02"]
[Variant "Standard"]

1. e4 {[%clk 0:03:00]}  c6 {[%clk 0:02:53]} 2. d4 {[%clk 0:03:00]}  d5 {[%clk 0:02:53]} 3. exd5 {[%clk 0:03:00]}  cxd5 {[%clk 0:02:54]} 4. Nf3 {[%clk 0:02:56]}  Nc6 {[%clk 0:02:54]} 5. Bb5 {[%clk 0:02:54]}  Qa5+ {[%clk 0:02:54]} 6. Nc3 {[%clk 0:02:54]}  Bd7 {[%clk 0:02:44]} 7. O-O {[%clk 0:02:52]}  Nf6 {[%clk 0:02:43]} 8. Bg5 {[%clk 0:02:45]}  e6 {[%clk 0:02:41]} 9. Re1 {[%clk 0:02:40]}  Be7 {[%clk 0:02:38]} 10. Bxf6 {[%clk 0:02:37]}  gxf6 {[%clk 0:02:38]} 11. a3 {[%clk 0:02:30]}  O-O-O {[%clk 0:02:29]} 12. b4 {[%clk 0:02:23]}  Qc7 {[%clk 0:02:28]} 13. Bxc6 {[%clk 0:02:03]}  Bxc6 {[%clk 0:02:28]} 14. b5 {[%clk 0:01:56]}  Be8 {[%clk 0:02:26]} 15. Qd3 {[%clk 0:01:55]}  Kb8 {[%clk 0:02:22]} 16. a4 {[%clk 0:01:45]}  Rc8 {[%clk 0:02:21]} 17. Ne2 {[%clk 0:01:29]}  Bd6 {[%clk 0:02:19]} 18. Rec1 {[%clk 0:01:18]}  Qc4 {[%clk 0:02:13]} 19. Qe3 {[%clk 0:01:14]}  Rg8 {[%clk 0:01:47]} 20. Nd2 {[%clk 0:01:05]}  Qc7 {[%clk 0:01:24]} 21. h3 {[%clk 0:01:02]}  Bd7 {[%clk 0:01:09]} 22. c4 {[%clk 0:01:01]}  Bb4 {[%clk 0:00:35]} 23. c5 {[%clk 0:00:45]}  a5 {[%clk 0:00:27]} 24. Nb3 {[%clk 0:00:38]}  e5 {[%clk 0:00:24]} 25. c6 {[%clk 0:00:34]}  bxc6 {[%clk 0:00:11]} 26. bxc6 {[%clk 0:00:35]}  Bf5 {[%clk 0:00:11]} 27. Ng3 {[%clk 0:00:31]}  Be6 {[%clk 0:00:07]} 28. Nc5 {[%clk 0:00:28]}  Ka8 {[%clk 0:00:07]} 29. Na6 {[%clk 0:00:24]}  Qb6 {[%clk 0:00:04]} 30. Nxb4 {[%clk 0:00:24]}  axb4 {[%clk 0:00:05]} 31. a5 {[%clk 0:00:22]}  Qxd4 {[%clk 0:00:05]} 32. Qb3 {[%clk 0:00:14]}  e4 {[%clk 0:00:02]} 33. Ra2 {[%clk 0:00:07]}  Qa7 {[%clk 0:00:02]} 34. Kh2 {[%clk 0:00:06]}  Rc7 {[%clk 0:00:02]} 35. Qxb4 {[%clk 0:00:06]}  Rb8 {[%clk 0:00:02]} 36. Qd6 {[%clk 0:00:05]}  d4 {[%clk 0:00:02]} 37. Ra3 {[%clk 0:00:04]}  f5 {[%clk 0:00:01]} 38. Rd1 {[%clk 0:00:02]}  d3 {[%clk 0:00:02]} 39. Qe5 {[%clk 0:00:00]}  Qxf2 {[%clk 0:00:02]} 0-1

[Event "April 9 Early 2024"]
[Site "Chess.com"]
[Date "2024.04.09"]
[Round "8"]
[White "Mikhailovsky, Vladimir"]
[Black "Turzo, Attila"]
[Result "0-1"]
[Board "124"]
[WhiteFideId "34105414"]
[BlackFideId "704954"]
[WhiteTitle "CM"]
[BlackTitle "IM"]
[WhiteElo "2769"]
[BlackElo "2458"]
[WhiteTeam "RUS"]
[BlackTeam "HUN"]
[WhiteClock "0:00:00"]
[BlackClock "0:00:41"]
[Variant "Standard"]

1. e4 {[%clk 0:03:00]}  c5 {[%clk 0:02:58]} 2. Nf3 {[%clk 0:02:59]}  d6 {[%clk 0:02:59]} 3. d4 {[%clk 0:02:59]}  cxd4 {[%clk 0:03:00]} 4. Nxd4 {[%clk 0:03:00]}  Nf6 {[%clk 0:03:00]} 5. Nc3 {[%clk 0:03:01]}  a6 {[%clk 0:03:00]} 6. Be2 {[%clk 0:02:35]}  e5 {[%clk 0:03:00]} 7. Nb3 {[%clk 0:02:35]}  Be7 {[%clk 0:03:00]} 8. O-O {[%clk 0:02:36]}  O-O {[%clk 0:02:59]} 9. Kh1 {[%clk 0:02:36]}  Be6 {[%clk 0:02:55]} 10. f4 {[%clk 0:02:30]}  Qc7 {[%clk 0:02:56]} 11. Qe1 {[%clk 0:02:19]}  Nbd7 {[%clk 0:02:54]} 12. fxe5 {[%clk 0:02:13]}  dxe5 {[%clk 0:02:53]} 13. Qg3 {[%clk 0:02:10]}  Kh8 {[%clk 0:02:50]} 14. Nd4 {[%clk 0:01:55]}  Qb6 {[%clk 0:02:37]} 15. Nf5 {[%clk 0:01:27]}  Bxf5 {[%clk 0:02:36]} 16. Rxf5 {[%clk 0:01:24]}  Rac8 {[%clk 0:02:32]} 17. Bd3 {[%clk 0:01:13]}  Bb4 {[%clk 0:02:20]} 18. Nd5 {[%clk 0:01:07]}  Nxd5 {[%clk 0:02:17]} 19. exd5 {[%clk 0:01:08]}  g6 {[%clk 0:02:16]} 20. Bh6 {[%clk 0:01:06]}  Bd6 {[%clk 0:01:39]} 21. Qh3 {[%clk 0:00:18]}  Kg8 {[%clk 0:01:18]} 22. Rh5 {[%clk 0:00:13]}  Rfd8 {[%clk 0:01:10]} 23. Be3 {[%clk 0:00:10]}  Qxb2 {[%clk 0:01:07]} 24. Rf1 {[%clk 0:00:10]}  Nf8 {[%clk 0:01:06]} 25. Bh6 {[%clk 0:00:04]}  gxh5 {[%clk 0:01:03]} 26. Bxf8 {[%clk 0:00:03]}  Bxf8 {[%clk 0:01:01]} 27. Qxh5 {[%clk 0:00:02]}  e4 {[%clk 0:01:02]} 28. Qxf7+ {[%clk 0:00:01]}  Kh8 {[%clk 0:01:02]} 29. Bxe4 {[%clk 0:00:01]}  Qg7 {[%clk 0:01:01]} 30. Qh5 {[%clk 0:00:02]}  Re8 {[%clk 0:01:01]} 31. Bd3 {[%clk 0:00:01]}  Re7 {[%clk 0:00:59]} 32. g3 {[%clk 0:00:02]}  Qe5 {[%clk 0:00:58]} 33. Qg4 {[%clk 0:00:01]}  Qxd5+ {[%clk 0:00:57]} 34. Kg1 {[%clk 0:00:01]}  Rec7 {[%clk 0:00:54]} 35. Rf3 {[%clk 0:00:02]}  Bc5+ {[%clk 0:00:54]} 36. Kg2 {[%clk 0:00:02]}  Rf8 {[%clk 0:00:53]} 37. h4 {[%clk 0:00:02]}  Qxf3+ {[%clk 0:00:53]} 38. Qxf3 {[%clk 0:00:02]}  Rxf3 {[%clk 0:00:54]} 39. Kxf3 {[%clk 0:00:03]}  b5 {[%clk 0:00:53]} 40. Kg4 {[%clk 0:00:03]}  Rg7+ {[%clk 0:00:52]} 41. Kh5 {[%clk 0:00:04]}  Rxg3 {[%clk 0:00:51]} 42. Kh6 {[%clk 0:00:04]}  Be3+ {[%clk 0:00:51]} 43. Kh5 {[%clk 0:00:05]}  Kg7 {[%clk 0:00:50]} 44. c4 {[%clk 0:00:04]}  b4 {[%clk 0:00:50]} 45. c5 {[%clk 0:00:04]}  a5 {[%clk 0:00:50]} 46. c6 {[%clk 0:00:04]}  Bb6 {[%clk 0:00:50]} 47. c7 {[%clk 0:00:03]}  Bxc7 {[%clk 0:00:49]} 48. Bc4 {[%clk 0:00:03]}  a4 {[%clk 0:00:48]} 49. Bb5 {[%clk 0:00:03]}  Bd8 {[%clk 0:00:46]} 50. Bxa4 {[%clk 0:00:02]}  Kf6 {[%clk 0:00:43]} 51. Bc2 {[%clk 0:00:01]}  Rh3 {[%clk 0:00:41]} 52. Bxh7 {[%clk 0:00:00]}  Kg7 {[%clk 0:00:41]} 0-1

[Event "April 9 Early 2024"]
[Site "Chess.com"]
[Date "2024.04.09"]
[Round "8"]
[White "Zheenbekov, Nurgazy"]
[Black "Mirzoev, Azer"]
[Result "0-1"]
[Board "125"]
[WhiteFideId "13800485"]
[BlackFideId "13400304"]
[BlackTitle "GM"]
[WhiteElo "2455"]
[BlackElo "2659"]
[WhiteTeam "KGZ"]
[BlackTeam "AZE"]
[WhiteClock "0:00:00"]
[BlackClock "0:01:22"]
[Variant "Standard"]

1. Nf3 {[%clk 0:02:58]}  c5 {[%clk 0:03:00]} 2. g3 {[%clk 0:02:55]}  Nc6 {[%clk 0:02:59]} 3. Bg2 {[%clk 0:02:55]}  g6 {[%clk 0:03:00]} 4. O-O {[%clk 0:02:54]}  Bg7 {[%clk 0:03:01]} 5. d3 {[%clk 0:02:47]}  Nf6 {[%clk 0:02:59]} 6. e4 {[%clk 0:02:46]}  O-O {[%clk 0:03:00]} 7. Nc3 {[%clk 0:02:40]}  d6 {[%clk 0:02:59]} 8. h3 {[%clk 0:02:39]}  Rb8 {[%clk 0:02:58]} 9. a4 {[%clk 0:02:35]}  a6 {[%clk 0:02:56]} 10. Be3 {[%clk 0:02:35]}  b5 {[%clk 0:02:54]} 11. axb5 {[%clk 0:02:12]}  axb5 {[%clk 0:02:55]} 12. Qc1 {[%clk 0:02:07]}  b4 {[%clk 0:02:54]} 13. Nd1 {[%clk 0:01:59]}  Bb7 {[%clk 0:02:50]} 14. Bh6 {[%clk 0:01:59]}  Ra8 {[%clk 0:02:49]} 15. Rxa8 {[%clk 0:01:53]}  Bxa8 {[%clk 0:02:48]} 16. Bxg7 {[%clk 0:01:53]}  Kxg7 {[%clk 0:02:48]} 17. Ne3 {[%clk 0:01:44]}  Bb7 {[%clk 0:02:47]} 18. Nc4 {[%clk 0:01:12]}  Nd7 {[%clk 0:02:45]} 19. Re1 {[%clk 0:01:07]}  Ba6 {[%clk 0:02:40]} 20. Ne3 {[%clk 0:01:04]}  e6 {[%clk 0:02:32]} 21. Ng4 {[%clk 0:01:02]}  f6 {[%clk 0:02:11]} 22. Qh6+ {[%clk 0:01:02]}  Kg8 {[%clk 0:02:06]} 23. Ra1 {[%clk 0:00:55]}  Bb7 {[%clk 0:02:06]} 24. h4 {[%clk 0:00:50]}  Qe7 {[%clk 0:02:06]} 25. Bh3 {[%clk 0:00:43]}  Nde5 {[%clk 0:01:47]} 26. Ngxe5 {[%clk 0:00:39]}  dxe5 {[%clk 0:01:45]} 27. Nd2 {[%clk 0:00:29]}  Bc8 {[%clk 0:01:37]} 28. Nc4 {[%clk 0:00:19]}  Nd4 {[%clk 0:01:33]} 29. c3 {[%clk 0:00:09]}  bxc3 {[%clk 0:01:31]} 30. bxc3 {[%clk 0:00:09]}  Ne2+ {[%clk 0:01:29]} 31. Kg2 {[%clk 0:00:08]}  Nxc3 {[%clk 0:01:30]} 32. Ra8 {[%clk 0:00:07]}  Nb5 {[%clk 0:01:26]} 33. Qc1 {[%clk 0:00:04]}  Bd7 {[%clk 0:01:22]} 34. Rxf8+ {[%clk 0:00:00]}  Kxf8 {[%clk 0:01:22]} 0-1

[Event "April 9 Early 2024"]
[Site "Chess.com"]
[Date "2024.04.09"]
[Round "8"]
[White "Rosenberg, Evan S"]
[Black "Zhu, Jiner"]
[Result "0-1"]
[Board "128"]
[WhiteFideId "2019299"]
[BlackFideId "8608059"]
[BlackTitle "GM"]
[WhiteElo "2445"]
[BlackElo "2616"]
[WhiteTeam "USA"]
[BlackTeam "CHN"]
[WhiteClock "0:00:40"]
[BlackClock "0:01:49"]
[Variant "Standard"]

1. d4 {[%clk 0:03:00]}  Nf6 {[%clk 0:02:59]} 2. Nf3 {[%clk 0:03:00]}  c5 {[%clk 0:02:58]} 3. d5 {[%clk 0:02:59]}  e6 {[%clk 0:02:57]} 4. Nc3 {[%clk 0:02:57]}  d6 {[%clk 0:02:51]} 5. e4 {[%clk 0:02:55]}  Be7 {[%clk 0:02:45]} 6. Bb5+ {[%clk 0:02:50]}  Bd7 {[%clk 0:02:40]} 7. a4 {[%clk 0:02:45]}  O-O {[%clk 0:02:39]} 8. O-O {[%clk 0:02:43]}  a6 {[%clk 0:02:35]} 9. Be2 {[%clk 0:02:37]}  exd5 {[%clk 0:02:33]} 10. exd5 {[%clk 0:02:37]}  Re8 {[%clk 0:02:30]} 11. h3 {[%clk 0:02:35]}  h6 {[%clk 0:02:29]} 12. Bf4 {[%clk 0:02:34]}  Bf5 {[%clk 0:02:28]} 13. Re1 {[%clk 0:02:32]}  Nbd7 {[%clk 0:02:28]} 14. Bd3 {[%clk 0:02:29]}  Bxd3 {[%clk 0:02:27]} 15. Qxd3 {[%clk 0:02:29]}  Qc7 {[%clk 0:02:26]} 16. b3 {[%clk 0:02:21]}  Bf8 {[%clk 0:02:25]} 17. g4 {[%clk 0:02:08]}  c4 {[%clk 0:02:23]} 18. bxc4 {[%clk 0:02:07]}  Nc5 {[%clk 0:02:21]} 19. Qf5 {[%clk 0:02:01]}  Nh7 {[%clk 0:02:14]} 20. Ne4 {[%clk 0:01:44]}  g6 {[%clk 0:02:11]} 21. Nf6+ {[%clk 0:01:37]}  Nxf6 {[%clk 0:02:11]} 22. Qxf6 {[%clk 0:01:37]}  Bg7 {[%clk 0:02:11]} 23. Qxd6 {[%clk 0:01:34]}  Qxd6 {[%clk 0:02:07]} 24. Bxd6 {[%clk 0:01:35]}  Bxa1 {[%clk 0:02:07]} 25. Rxa1 {[%clk 0:01:35]}  Ne4 {[%clk 0:02:05]} 26. Bf4 {[%clk 0:01:29]}  Rac8 {[%clk 0:02:01]} 27. Ne5 {[%clk 0:01:12]}  g5 {[%clk 0:01:58]} 28. Bh2 {[%clk 0:01:13]}  Nd2 {[%clk 0:01:55]} 29. d6 {[%clk 0:01:09]}  Rxe5 {[%clk 0:01:52]} 30. Bxe5 {[%clk 0:00:52]}  Nf3+ {[%clk 0:01:52]} 31. Kg2 {[%clk 0:00:53]}  Nxe5 {[%clk 0:01:53]} 32. Re1 {[%clk 0:00:51]}  f6 {[%clk 0:01:50]} 33. Rd1 {[%clk 0:00:40]}  Kf7 {[%clk 0:01:49]} 0-1

[Event "April 9 Early 2024"]
[Site "Chess.com"]
[Date "2024.04.09"]
[Round "8"]
[White "Shapiro, Viktor"]
[Black "Leve, Nitai"]
[Result "1-0"]
[Board "129"]
[WhiteFideId "4175700"]
[BlackFideId "2006898"]
[WhiteTitle "FM"]
[WhiteElo "2615"]
[BlackElo "2442"]
[WhiteTeam "RUS"]
[BlackTeam "USA"]
[WhiteClock "0:01:28"]
[BlackClock "0:00:07"]
[Variant "Standard"]

1. c4 {[%clk 0:03:00]}  c6 {[%clk 0:02:57]} 2. Nc3 {[%clk 0:03:00]}  d5 {[%clk 0:02:57]} 3. d4 {[%clk 0:03:01]}  Nf6 {[%clk 0:02:58]} 4. Nf3 {[%clk 0:03:01]}  dxc4 {[%clk 0:02:58]} 5. a4 {[%clk 0:03:01]}  Bf5 {[%clk 0:02:58]} 6. e3 {[%clk 0:03:00]}  e6 {[%clk 0:02:58]} 7. Bxc4 {[%clk 0:03:00]}  Bb4 {[%clk 0:02:59]} 8. O-O {[%clk 0:03:00]}  Nbd7 {[%clk 0:02:59]} 9. Ne2 {[%clk 0:02:57]}  Ne4 {[%clk 0:02:58]} 10. Bd3 {[%clk 0:02:53]}  Ndf6 {[%clk 0:02:56]} 11. Qc2 {[%clk 0:02:52]}  O-O {[%clk 0:02:53]} 12. Nh4 {[%clk 0:02:52]}  g6 {[%clk 0:02:44]} 13. f3 {[%clk 0:02:47]}  Nd6 {[%clk 0:02:25]} 14. e4 {[%clk 0:02:46]}  Nfxe4 {[%clk 0:02:18]} 15. fxe4 {[%clk 0:02:43]}  Qxh4 {[%clk 0:02:17]} 16. exf5 {[%clk 0:02:43]}  exf5 {[%clk 0:02:05]} 17. Bf4 {[%clk 0:02:39]}  Rfe8 {[%clk 0:01:52]} 18. Nc3 {[%clk 0:02:31]}  Rad8 {[%clk 0:01:13]} 19. g3 {[%clk 0:02:20]}  Qf6 {[%clk 0:01:04]} 20. Be5 {[%clk 0:02:18]}  Qg5 {[%clk 0:01:04]} 21. Rae1 {[%clk 0:02:08]}  h5 {[%clk 0:00:24]} 22. Qb3 {[%clk 0:02:03]}  a5 {[%clk 0:00:23]} 23. Qc2 {[%clk 0:01:50]}  h4 {[%clk 0:00:14]} 24. Qf2 {[%clk 0:01:49]}  h3 {[%clk 0:00:07]} 25. Bf4 {[%clk 0:01:45]}  Qh5 {[%clk 0:00:04]} 26. Rxe8+ {[%clk 0:01:43]}  Rxe8 {[%clk 0:00:04]} 27. Re1 {[%clk 0:01:44]}  Rxe1+ {[%clk 0:00:03]} 28. Qxe1 {[%clk 0:01:43]}  Qh8 {[%clk 0:00:04]} 29. Qe5 {[%clk 0:01:39]}  Qxe5 {[%clk 0:00:04]} 30. Bxe5 {[%clk 0:01:39]}  Nc8 {[%clk 0:00:03]} 31. Bf1 {[%clk 0:01:38]}  Bxc3 {[%clk 0:00:03]} 32. bxc3 {[%clk 0:01:37]}  Nb6 {[%clk 0:00:04]} 33. Bc7 {[%clk 0:01:33]}  Nxa4 {[%clk 0:00:05]} 34. Bxa5 {[%clk 0:01:33]}  Kf8 {[%clk 0:00:05]} 35. Bxh3 {[%clk 0:01:31]}  Ke7 {[%clk 0:00:05]} 36. Bb4+ {[%clk 0:01:31]}  Ke6 {[%clk 0:00:06]} 37. Bf1 {[%clk 0:01:31]}  Kd5 {[%clk 0:00:06]} 38. Kf2 {[%clk 0:01:30]}  Ke4 {[%clk 0:00:07]} 39. Ke2 {[%clk 0:01:28]}  b6 {[%clk 0:00:07]} 40. Bg2# {[%clk 0:01:28]} 1-0

[Event "April 9 Early 2024"]
[Site "Chess.com"]
[Date "2024.04.09"]
[Round "8"]
[White "Dilmukhametov, Artur"]
[Black "Skotheim, Andreas"]
[Result "0-1"]
[Board "133"]
[WhiteFideId "24179922"]
[BlackFideId "1518526"]
[WhiteTitle "FM"]
[BlackTitle "CM"]
[WhiteElo "2414"]
[BlackElo "2573"]
[WhiteTeam "RUS"]
[BlackTeam "NOR"]
[WhiteClock "0:00:00"]
[BlackClock "0:00:27"]
[Variant "Standard"]

1. e4 {[%clk 0:03:00]}  c5 {[%clk 0:03:00]} 2. Nf3 {[%clk 0:03:00]}  e6 {[%clk 0:03:00]} 3. d4 {[%clk 0:03:00]}  cxd4 {[%clk 0:03:00]} 4. Nxd4 {[%clk 0:03:01]}  Nc6 {[%clk 0:03:00]} 5. Nxc6 {[%clk 0:03:01]}  bxc6 {[%clk 0:03:00]} 6. c4 {[%clk 0:03:02]}  Nf6 {[%clk 0:02:57]} 7. Bd3 {[%clk 0:03:02]}  d5 {[%clk 0:02:56]} 8. cxd5 {[%clk 0:03:03]}  cxd5 {[%clk 0:02:55]} 9. exd5 {[%clk 0:02:39]}  Nxd5 {[%clk 0:02:54]} 10. O-O {[%clk 0:02:38]}  Bd6 {[%clk 0:02:51]} 11. Bb5+ {[%clk 0:02:25]}  Bd7 {[%clk 0:02:51]} 12. Bxd7+ {[%clk 0:02:26]}  Qxd7 {[%clk 0:02:51]} 13. Nd2 {[%clk 0:02:16]}  O-O {[%clk 0:02:39]} 14. Ne4 {[%clk 0:02:13]}  Be5 {[%clk 0:02:37]} 15. f4 {[%clk 0:01:55]}  Bc7 {[%clk 0:02:33]} 16. Kh1 {[%clk 0:01:45]}  Rfd8 {[%clk 0:02:31]} 17. Qf3 {[%clk 0:01:36]}  Bb6 {[%clk 0:01:53]} 18. Bd2 {[%clk 0:01:30]}  Ne7 {[%clk 0:01:42]} 19. Bc3 {[%clk 0:01:28]}  Qd3 {[%clk 0:01:43]} 20. Qxd3 {[%clk 0:01:21]}  Rxd3 {[%clk 0:01:43]} 21. Rad1 {[%clk 0:01:21]}  Rad8 {[%clk 0:01:43]} 22. Rxd3 {[%clk 0:01:10]}  Rxd3 {[%clk 0:01:44]} 23. g4 {[%clk 0:00:50]}  h5 {[%clk 0:01:28]} 24. gxh5 {[%clk 0:00:42]}  Rh3 {[%clk 0:01:22]} 25. Ng3 {[%clk 0:00:25]}  Nf5 {[%clk 0:01:16]} 26. Kg2 {[%clk 0:00:23]}  Rh4 {[%clk 0:01:08]} 27. Nxf5 {[%clk 0:00:20]}  exf5 {[%clk 0:01:08]} 28. Rd1 {[%clk 0:00:16]}  Rxf4 {[%clk 0:01:08]} 29. Kg3 {[%clk 0:00:10]}  Rg4+ {[%clk 0:01:06]} 30. Kf3 {[%clk 0:00:11]}  Rh4 {[%clk 0:01:04]} 31. a4 {[%clk 0:00:07]}  Rxa4 {[%clk 0:01:00]} 32. h6 {[%clk 0:00:07]}  gxh6 {[%clk 0:00:52]} 33. Rd5 {[%clk 0:00:03]}  Rh4 {[%clk 0:00:45]} 34. Rxf5 {[%clk 0:00:03]}  Rxh2 {[%clk 0:00:44]} 35. Re5 {[%clk 0:00:03]}  Rf2+ {[%clk 0:00:43]} 36. Kg4 {[%clk 0:00:03]}  Kh7 {[%clk 0:00:39]} 37. Re7 {[%clk 0:00:02]}  Kg6 {[%clk 0:00:38]} 38. Re8 {[%clk 0:00:03]}  h5+ {[%clk 0:00:38]} 39. Kh4 {[%clk 0:00:02]}  Rf4+ {[%clk 0:00:35]} 40. Kg3 {[%clk 0:00:03]}  Rg4+ {[%clk 0:00:35]} 41. Kf3 {[%clk 0:00:03]}  Bd4 {[%clk 0:00:27]} 42. Rg8+ {[%clk 0:00:00]}  Kf5 {[%clk 0:00:27]} 0-1

[Event "April 9 Early 2024"]
[Site "Chess.com"]
[Date "2024.04.09"]
[Round "8"]
[White "Shishkov, Andrei"]
[Black "Baches Garcia, Guillermo"]
[Result "1/2-1/2"]
[Board "134"]
[WhiteFideId "4500563"]
[BlackFideId "2209764"]
[WhiteTitle "IM"]
[BlackTitle "IM"]
[WhiteElo "2413"]
[BlackElo "2553"]
[WhiteTeam "EST"]
[BlackTeam "ESP"]
[WhiteClock "0:00:47"]
[BlackClock "0:01:12"]
[Variant "Standard"]

1. d4 {[%clk 0:02:51]}  d5 {[%clk 0:02:59]} 2. c4 {[%clk 0:02:51]}  e6 {[%clk 0:03:00]} 3. Nc3 {[%clk 0:02:51]}  a6 {[%clk 0:02:59]} 4. cxd5 {[%clk 0:02:50]}  exd5 {[%clk 0:03:00]} 5. Nf3 {[%clk 0:02:50]}  Nf6 {[%clk 0:03:00]} 6. Bg5 {[%clk 0:02:49]}  Be6 {[%clk 0:03:01]} 7. e3 {[%clk 0:02:50]}  Nbd7 {[%clk 0:03:01]} 8. Bd3 {[%clk 0:02:49]}  Bd6 {[%clk 0:03:01]} 9. O-O {[%clk 0:02:48]}  c6 {[%clk 0:03:01]} 10. h3 {[%clk 0:02:47]}  Qc7 {[%clk 0:03:02]} 11. Qd2 {[%clk 0:02:47]}  O-O {[%clk 0:02:57]} 12. Bf4 {[%clk 0:02:42]}  Rfe8 {[%clk 0:02:57]} 13. Rac1 {[%clk 0:02:37]}  h6 {[%clk 0:02:54]} 14. Rfe1 {[%clk 0:02:27]}  Rac8 {[%clk 0:02:46]} 15. b3 {[%clk 0:02:02]}  Nh5 {[%clk 0:02:39]} 16. Bxd6 {[%clk 0:01:59]}  Qxd6 {[%clk 0:02:40]} 17. Na4 {[%clk 0:01:52]}  Nhf6 {[%clk 0:02:36]} 18. Qc2 {[%clk 0:01:48]}  Ne4 {[%clk 0:02:27]} 19. Bxe4 {[%clk 0:01:46]}  dxe4 {[%clk 0:02:28]} 20. Nd2 {[%clk 0:01:46]}  f5 {[%clk 0:02:25]} 21. Nc5 {[%clk 0:01:42]}  Nxc5 {[%clk 0:02:21]} 22. Qxc5 {[%clk 0:01:43]}  Qd7 {[%clk 0:02:12]} 23. Nc4 {[%clk 0:01:38]}  Bxc4 {[%clk 0:02:10]} 24. Qxc4+ {[%clk 0:01:32]}  Kh8 {[%clk 0:02:09]} 25. g3 {[%clk 0:01:25]}  f4 {[%clk 0:02:03]} 26. exf4 {[%clk 0:01:25]}  Qxh3 {[%clk 0:02:03]} 27. Re3 {[%clk 0:01:15]}  Rcd8 {[%clk 0:01:43]} 28. Rce1 {[%clk 0:01:14]}  Qf5 {[%clk 0:01:38]} 29. f3 {[%clk 0:01:02]}  Qg6 {[%clk 0:01:24]} 30. fxe4 {[%clk 0:01:00]}  Rxe4 {[%clk 0:01:19]} 31. Rxe4 {[%clk 0:00:49]}  Qxg3+ {[%clk 0:01:17]} 32. Kf1 {[%clk 0:00:47]}  Qf3+ {[%clk 0:01:13]} 33. Kg1 {[%clk 0:00:48]}  Qg3+ {[%clk 0:01:12]} 34. Kf1 {[%clk 0:00:47]}  Qf3+ {[%clk 0:01:12]} 35. Kg1 {[%clk 0:00:47]}  Qg3+ {[%clk 0:01:12]} 1/2-1/2

[Event "April 9 Early 2024"]
[Site "Chess.com"]
[Date "2024.04.09"]
[Round "8"]
[White "Sodol, Georgiy"]
[Black "Banerjee, Supratit"]
[Result "0-1"]
[Board "136"]
[WhiteFideId "14115212"]
[BlackFideId "2410079"]
[WhiteTitle "FM"]
[BlackTitle "CM"]
[WhiteElo "2409"]
[BlackElo "2550"]
[WhiteTeam "UKR"]
[BlackTeam "ENG"]
[WhiteClock "0:00:04"]
[BlackClock "0:00:06"]
[Variant "Standard"]

1. c3 {[%clk 0:02:47]}  e5 {[%clk 0:02:58]} 2. Qa4 {[%clk 0:02:46]}  Nf6 {[%clk 0:02:57]} 3. Nf3 {[%clk 0:02:46]}  Nc6 {[%clk 0:02:57]} 4. d3 {[%clk 0:02:46]}  d6 {[%clk 0:02:57]} 5. g3 {[%clk 0:02:44]}  Bd7 {[%clk 0:02:56]} 6. Qb3 {[%clk 0:02:44]}  Na5 {[%clk 0:02:54]} 7. Qc2 {[%clk 0:02:43]}  Be7 {[%clk 0:02:53]} 8. Bg2 {[%clk 0:02:38]}  O-O {[%clk 0:02:53]} 9. O-O {[%clk 0:02:38]}  c5 {[%clk 0:02:51]} 10. b4 {[%clk 0:02:35]}  cxb4 {[%clk 0:02:50]} 11. cxb4 {[%clk 0:02:36]}  Nc6 {[%clk 0:02:51]} 12. b5 {[%clk 0:02:35]}  Nb4 {[%clk 0:02:51]} 13. Qb2 {[%clk 0:02:14]}  Nbd5 {[%clk 0:02:45]} 14. e4 {[%clk 0:02:04]}  Nb6 {[%clk 0:02:43]} 15. Nc3 {[%clk 0:02:03]}  Rc8 {[%clk 0:02:40]} 16. a4 {[%clk 0:02:02]}  Be6 {[%clk 0:02:34]} 17. a5 {[%clk 0:01:52]}  Nbd7 {[%clk 0:02:33]} 18. d4 {[%clk 0:01:52]}  exd4 {[%clk 0:02:18]} 19. Nxd4 {[%clk 0:01:51]}  Ne5 {[%clk 0:02:17]} 20. Nxe6 {[%clk 0:01:43]}  fxe6 {[%clk 0:02:16]} 21. Qb3 {[%clk 0:01:41]}  Kh8 {[%clk 0:02:09]} 22. Bh3 {[%clk 0:01:34]}  Nf3+ {[%clk 0:02:05]} 23. Kg2 {[%clk 0:01:29]}  Nd4 {[%clk 0:02:01]} 24. Qa4 {[%clk 0:01:07]}  e5 {[%clk 0:01:23]} 25. Bxc8 {[%clk 0:01:05]}  Qxc8 {[%clk 0:01:24]} 26. Bb2 {[%clk 0:00:55]}  Qg4 {[%clk 0:01:00]} 27. f3 {[%clk 0:00:52]}  Qg5 {[%clk 0:00:57]} 28. Rad1 {[%clk 0:00:21]}  Nh5 {[%clk 0:00:45]} 29. Nd5 {[%clk 0:00:20]}  Ne2 {[%clk 0:00:28]} 30. Kf2 {[%clk 0:00:15]}  Nexg3 {[%clk 0:00:23]} 31. Rg1 {[%clk 0:00:11]}  Qg4 {[%clk 0:00:11]} 32. Qb3 {[%clk 0:00:02]}  Nxe4+ {[%clk 0:00:11]} 33. Ke2 {[%clk 0:00:03]}  Qh4 {[%clk 0:00:08]} 34. fxe4 {[%clk 0:00:02]}  Qxh2+ {[%clk 0:00:07]} 35. Kd3 {[%clk 0:00:03]}  Rf3+ {[%clk 0:00:07]} 36. Ne3 {[%clk 0:00:03]}  Rxe3+ {[%clk 0:00:07]} 37. Kxe3 {[%clk 0:00:04]}  Qh3+ {[%clk 0:00:08]} 38. Ke2 {[%clk 0:00:04]}  Qxb3 {[%clk 0:00:08]} 39. Bxe5 {[%clk 0:00:04]}  dxe5 {[%clk 0:00:08]} 40. Rd7 {[%clk 0:00:04]}  Nf4+ {[%clk 0:00:08]} 41. Kd2 {[%clk 0:00:03]}  Bb4+ {[%clk 0:00:07]} 42. Kc1 {[%clk 0:00:04]}  Ne2# {[%clk 0:00:06]} 0-1